000 02298cam a2200169 4500500
005 20260208003049.0
041 _afre
042 _adc
100 1 0 _aMellet, Kevin
_eauthor
245 0 0 _aPerrine KERVRAN, Anaïs KIEN, Les années Actuel. Contestations rigolardes et aventures modernes, Marseille, Le Mot et le Reste, 2010, 272 p.
260 _c2012.
500 _a76
520 _aRésuméCet article, qui repose en grande partie sur une recherche empirique, se propose d’analyser les rapports que les francs-maçons entretiennent avec les pratiques du Web 2.0. Après avoir mis en exergue un certain nombre de convergences idéologiques entre l’espace maçonnique et le cyberespace, l’auteur montre comment les francs-maçons utilisent les dispositifs numériques de nature participative, tant en interne (à travers des listes de diffusion intra-loge ou des forums inter-obédientiels réservés aux initiés), qu’en externe, sur des blogs internet et des réseaux sociaux accessibles à tous les internautes.Cette étude s’interroge enfin sur les modifications qu’engendre cette appropriation des plates-formes participatives au sein d’une culture traditionnelle, fortement ritualisée et marquée par des liens communautaires, et notamment sur les effets susceptibles d’impacter la sociabilité maçonnique et l’image de marque de l’Ordre.
520 _aFreemasonry 2.0This article, based largely on empirical research, analyzes Free Masons’ relations with Web 2.0 practices. After highlighting certain ideological convergences between Freemasonry space and cyberspace, the author shows how the Masons use participative digital devices, both internally (through intra-lodge mailing lists or inter-obedience forums reserved for the initiated) and externally (on blogs and social networks available to all Internet users).This study examines the changes triggered by this take up of participative platforms within a traditional culture that is strongly ritualized and characterized by community bonds, especially those likely to impact the Masons’ sociability and the image of the Order.
786 0 _nRéseaux | 172 | 2 | 2012-05-01 | p. 251d-254d | 0751-7971
856 4 1 _uhttps://shs.cairn.info/revue-reseaux-2012-2-page-251d?lang=fr&redirect-ssocas=7080
999 _c1646944
_d1646944